MARC details
| 000 -LÍDER |
| campo de controle de tamanho fixo |
02261nam a2200325 4500 |
| 001 - NÚMERO DE CONTROLE |
| campo de controle |
74 |
| 003 - IDENTIFICADOR DO NÚMERO DE CONTROLE |
| campo de controle |
OSt |
| 005 - DATA E HORÁRIO DA ÚLTIMA TRANSAÇÃO |
| campo de controle |
20250528074011.0 |
| 008 - CAMPO DE DADOS FIXOS--INFORMAÇÃO GERAL |
| campo de controle de tamanho fixo |
250123b |||||||g |||| 00| 1 eng d |
| 020 ## - ISBN - INTERNATIONAL STANDARD BOOK NUMBER |
| ISBN - International Standard Book Number |
9788599296202 |
| 040 ## - FONTE DA CATALOGAÇÃO |
| Idioma da catalogação |
por |
| 041 ## - CÓDIGO DE IDIOMA |
| Código do idioma do original e/ou traduções intermediárias do texto |
eng |
| Código do idioma do texto/trilha sonora ou título diferente |
por |
| 082 ## - CDD - CLASSIFICAÇÃO DECIMAL DE DEWEY |
| Número de Classificação |
813 |
| Número do exemplar |
B877f |
| 100 1# - ENTRADA PRINCIPAL--NOME PESSOAL |
| Nome pessoal |
Brown, Dan, |
| Datas associadas ao nome |
1964- |
| 9 (RLIN) |
179 |
| 240 ## - TÍTULO UNIFORME |
| Título uniforme |
Digital Fortress |
| 245 ## - TÍTULO |
| Título |
Fortaleza Digital / |
| Indicação de responsabilidade, etc. |
Brown, Dan ; Tradução de Carlos Irineu da Costa |
| 260 ## - PUBLICAÇÃO, DISTRIBUIÇÃO, ETC. |
| Local de publicação, distribuição, etc. |
Rio de Janeiro |
| Nome do editor, distribuidor, etc. |
Arqueiro |
| Data da publicação, distribuição, etc. |
2008 |
| 300 ## - DESCRIÇÃO FÍSICA |
| Extensão |
297 p. |
| 520 ## - NOTA DE RESUMO, ETC. |
| Resumo, etc. |
Antes de estourar no mundo inteiro com O código Da Vinci, Dan Brown já demonstrava um talento singular como contador de histórias no seu primeiro livro, Fortaleza digital, lançado em 1998 nos Estados Unidos.<br/>Muitos dos ingredientes que, anos depois, fariam com que o autor fosse reconhecido como um novo mestre dos livros de ação e suspense já estavam presentes no seu romance de estréia: a narrativa rápida, a trama repleta de reviravoltas que prendem o leitor da primeira à última página e o fascínio exercido por códigos secretos, criptografia e enigmas misteriosos.<br/><br/>Em Fortaleza digital, Brown mergulha no intrigante universo dos serviços de informação e ambienta sua história na ultra-secreta e multibilionária NSA, a Agência de Segurança Nacional americana, mais poderosa do que a CIA ou qualquer outra organização de inteligência do mundo.<br/>Quando o supercomputador da NSA, até então considerado uma arma invencível para decodificar mensagens terroristas transmitidas pela Internet, se depara com um novo código que não pode ser quebrado, a agência recorre à sua mais brilhante criptógrafa, a bela matemática Susan Fletcher.<br/>Presa numa teia de segredos e mentiras, sem saber em quem confiar, Susan precisa encontrar a chave do engenhoso código para evitar o maior desastre da história da inteligência americana e para salvar a sua vida e a do homem que ama. |
| 650 #0 - ASSUNTO--TERMO TÓPICO |
| Cabeçalho tópico ou nome geográfico |
Literatura Americana |
| 9 (RLIN) |
84 |
| 650 #0 - ASSUNTO--TERMO TÓPICO |
| Cabeçalho tópico ou nome geográfico |
Suspense |
| 9 (RLIN) |
10 |
| 650 #0 - ASSUNTO--TERMO TÓPICO |
| Cabeçalho tópico ou nome geográfico |
Mistério |
| 9 (RLIN) |
42 |
| 650 #0 - ASSUNTO--TERMO TÓPICO |
| Cabeçalho tópico ou nome geográfico |
Aventura |
| 9 (RLIN) |
47 |
| 650 #0 - ASSUNTO--TERMO TÓPICO |
| Cabeçalho tópico ou nome geográfico |
Crime e Investigação |
| 9 (RLIN) |
13 |
| 650 #0 - ASSUNTO--TERMO TÓPICO |
| Cabeçalho tópico ou nome geográfico |
Romance Policial |
| 9 (RLIN) |
11 |
| 655 #0 - TERMO DE ÍNDICE--GÊNERO E FORMA |
| Gênero/forma/ou termo foco |
Romance |
| 655 #0 - TERMO DE ÍNDICE--GÊNERO E FORMA |
| Gênero/forma/ou termo foco |
Ficção |
| 700 ## - ENTRADA ADICIONADA - NOME PESSOAL |
| Nome pessoal |
Carlos Irineu da Costa |
| Função do autor por extenso |
Tradutor |
| 9 (RLIN) |
182 |
| 942 ## - ELEMENTOS DE ENTRADA ADICIONADOS (KOHA) |
| Fonte de classificação ou esquema de arquivamento |
Classificação decimal de Dewey |
| Ocultar no OPAC |
Não |
| Tipo de material Koha |
Livros |